00687 a2200181 450000500170000000800410001702000180005804000510007604100080012724501110013526000630024630000300030950400530033965000290039265000310042170000290045270000240048120140903174923.0131127s2012 xxub fr 001 0 eng d a9780199686056 aCO-BoUCMbspacJose A. GerenadDiana Londoño aeng00aWar in peacebparamilitary violence in Europe after the great warceditado por Robert Gerwarth, John Horne c2012bOxford University pressaNueva York (Estados Unidos) axii, 240 páginasbmapas aIncluye referencias bibliográficas e índices 7aHistoria militarzEuropa 7aCiencia políticazEuropa1 aGerwarth, Roberteeditor1 aHorne, Johneeditor